00766nam a2200217 a 450000100060000000300090000600800410001504000280005608200150008410000380009924500820013726000470021930000080026650500130027459001370028765000300042465000450045465000200049994200120051999900170053120875CO-ViMGA141112s2004 ck r 000 u spa d aCO-ViMGAbspacCO-ViMGA04a398.9 C6561 aColombia. Ministerio de Cultura, 10aRefranes de mi colombia : bActividad concertada con el ministerio de cultura aBogotá : bMinisterio de cultura, c2005 a60p aRefranes aForma de adquisición : Donación - - Precio : 10000 - - Proveedor : Ministerio de Cultura - - Fecha de adquisición : Julio 200614aFOLCLOR - COLOMBIA91499214aPROVERBIOS Y REFRANES COLOMBIANOS93010714aREFRANES930108 2ddccBK c29775d29775